Clinical neuroendocrinology / (Record no. 2683)

000 -LEADER
fixed length control field 01047cam a2200241 i 4500
003 - CONTROL NUMBER IDENTIFIER
control field OSt
005 - DATE AND TIME OF LATEST TRANSACTION
control field 20210716075211.0
008 - FIXED-LENGTH DATA ELEMENTS--GENERAL INFORMATION
fixed length control field 210716b ||||| |||| 00| 0 eng d
020 ## - INTERNATIONAL STANDARD BOOK NUMBER
International Standard Book Number 0803658850
040 ## - CATALOGING SOURCE
Transcribing agency ALUPE UNIVERSITY
050 0# - LIBRARY OF CONGRESS CALL NUMBER
Classification number RC361
Item number .M33 1977
100 1# - MAIN ENTRY--PERSONAL NAME
Personal name Martin, Joseph B.,
Dates associated with a name 1938-
Authority record control number or standard number http://id.loc.gov/authorities/names/n80164366
245 10 - TITLE STATEMENT
Title Clinical neuroendocrinology /
Statement of responsibility, etc. Joseph B. Martin, Seymour Reichlin, Gregory M. Brown.
260 ## - PUBLICATION, DISTRIBUTION, ETC.
Place of publication, distribution, etc. Philadelphia :
Name of publisher, distributor, etc. Davis,
Date of publication, distribution, etc. c1977.
300 ## - PHYSICAL DESCRIPTION
Extent ix, 410 p. :
Other physical details ill. ;
Dimensions 26 cm.
650 #2 - SUBJECT ADDED ENTRY--TOPICAL TERM
Topical term or geographic name entry element Endocrine System Diseases.
Authority record control number or standard number https://id.nlm.nih.gov/mesh/D004700
650 #2 - SUBJECT ADDED ENTRY--TOPICAL TERM
Topical term or geographic name entry element Endocrine Glands
General subdivision physiology.
Authority record control number or standard number https://id.nlm.nih.gov/mesh/D004702Q000502
650 #2 - SUBJECT ADDED ENTRY--TOPICAL TERM
Topical term or geographic name entry element Nervous System Diseases.
Authority record control number or standard number https://id.nlm.nih.gov/mesh/D009422
700 1# - ADDED ENTRY--PERSONAL NAME
Personal name Reichlin, Seymour,
Dates associated with a name 1924-
Authority record control number or standard number http://id.loc.gov/authorities/names/n77009234
700 1# - ADDED ENTRY--PERSONAL NAME
Personal name Brown, Gregory M.,
Dates associated with a name 1934-
Authority record control number or standard number http://id.loc.gov/authorities/names/n82270853
830 #0 - SERIES ADDED ENTRY--UNIFORM TITLE
Authority record control number or standard number http://id.loc.gov/authorities/names/n42008181
Volume/sequential designation 14.
942 ## - ADDED ENTRY ELEMENTS (KOHA)
Source of classification or shelving scheme
Koha item type Book
Suppress in OPAC PW
Holdings
Withdrawn status Lost status Source of classification or shelving scheme Damaged status Not for loan Permanent Location Current Location Shelving location Date acquired Source of acquisition Total Checkouts Full call number Barcode Date last seen Price effective from Koha item type Public note
          AU LIBRARY AU LIBRARY Open Shelf 16.07.2021 DONATION FROM MOI UNIVERSITY   RC361 .M33 1977 28002348 16.07.2021 16.07.2021 Book PW

Powered by Koha